[Event "SVK-chT 2122"]
[Site "Slovakia"]
[Date "2022.06.11"]
[Round "10.3"]
[White "Malinovsky, Karel"]
[Black "Hrabusa, Matej"]
[Result "1-0"]
[WhiteElo "2470"]
[BlackElo "2363"]
[PlyCount "119"]
[EventDate "2021.10.23"]
[EventType "team-tourn"]
[EventRounds "11"]
[EventCountry "SVK"]
[SourceTitle "EXT 2023"]
[Source "ChessBase"]
[SourceDate "2022.10.05"]
[SourceVersion "1"]
[SourceVersionDate "2022.10.05"]
[SourceQuality "1"]
[WhiteTeam "Bratislava Slovan"]
[BlackTeam "Liptov Chess School"]
[WhiteTeamCountry "SVK"]
[BlackTeamCountry "SVK"]

1. e4 c5 2. Nf3 d6 3. d4 cxd4 4. Nxd4 Nf6 5. f3 Nc6 6. c4 e6 7. Nc3 Be7 8. Be2 0-0 9. Be3 d5 10. cxd5 exd5 11. Nxc6 bxc6 12. exd5 Nxd5 13. Nxd5 cxd5 14. 0-0 Bf6 15. Bd4 Re8 16. Rf2 Re6 17. Bxf6 Rxf6 18. Qd4 Bb7 19. Rc1 Qb6 20. Qxb6 Rxb6 21. Bd3 Re8 22. Rd2 g6 23. Kf2 Kg7 24. Rc7 Kf6 25. b3 Re7 26. Rdc2 Ba6 27. R2c6+ Re6 28. Rxb6 Rxb6 29. Bc2 Re6 30. Bd1 Re7 31. Rxe7 Kxe7 32. Be2 Bc8 33. Ke3 Kd6 34. Kd4 g5 35. b4 Bd7 36. g3 h6 37. f4 f6 38. Bf3 Bc6 39. a3 gxf4 40. gxf4 a6 41. Bg2 Bb7 42. a4 Bc6 43. a5 Bb7 44. Bf3 Bc6 45. Be2 Bb7 46. b5 axb5 47. Bxb5 h5 48. h4 Ke6 49. a6 Bxa6 50. Bxa6 Kf5 51. Ke3 Kg4 52. Be2+ Kg3 53. f5 Kxh4 54. Kf4 d4 55. Bd1 d3 56. Bf3 d2 57. Bd1 Kh3 58. Bxh5 Kh4 59. Bg4 d1Q 60. Bxd1 1-0